000 00656nam a2200181 u 4500
001 000334596
003 AM-YeHGA
005 20250617130851.0
008 040513s1981 ai r 000 0 arm d
040 _aAM-YeHGA
041 0 _aarm
100 1 _aԴերոյան, Գաբրիել Վարազդատի
245 1 0 _aՄթնոլորտային օդի սանիտարական պաշտպանությունը /
_cԳ.Վ. Դերոյան; ՀՍՍՀ. Առողջապահության մին-թյան հանրապետ. սանլուստուն.
260 _aԵրևան :
_bՀայաստան,
_c1981.
300 _a28 էջ.
650 1 4 _aԷկոլոգիա
090 _c127241
999 _c125883
_d125883